MARC details
| 000 -LEADER |
| fixed length control field |
03545cam a2200397 i 4500 |
| 001 - CONTROL NUMBER |
| control field |
sky311549996 |
| 003 - CONTROL NUMBER IDENTIFIER |
| control field |
SKY |
| 005 - DATE AND TIME OF LATEST TRANSACTION |
| control field |
20260128150521.0 |
| 008 - FIXED-LENGTH DATA ELEMENTS--GENERAL INFORMATION |
| fixed length control field |
251003s2025 nyuaf e 000 0aeng d |
| 020 ## - INTERNATIONAL STANDARD BOOK NUMBER |
| International Standard Book Number |
9780593493120 |
| Qualifying information |
(hardcover) |
| 020 ## - INTERNATIONAL STANDARD BOOK NUMBER |
| International Standard Book Number |
0593493125 |
| Qualifying information |
(hardcover) |
| 040 ## - CATALOGING SOURCE |
| Modifying agency |
SKYRV |
| Description conventions |
rda |
| Language of cataloging |
eng |
| Modifying agency |
CoBro |
| 041 0# - LANGUAGE CODE |
| Language code of text/sound track or separate title |
eng |
| 043 ## - GEOGRAPHIC AREA CODE |
| Geographic area code |
n-us--- |
| 082 04 - DEWEY DECIMAL CLASSIFICATION NUMBER |
| Classification number |
362.764 Giuffre |
| -- |
362.764 Giuffre |
| 092 ## - LOCALLY ASSIGNED DEWEY CALL NUMBER (OCLC) |
| Classification number |
biography |
| Item number |
Giuffre, Virginia Roberts |
| 100 1# - MAIN ENTRY--PERSONAL NAME |
| Personal name |
Giuffre, Virginia Roberts, |
| Dates associated with a name |
1983-2025, |
| Relator term |
author. |
| 9 (RLIN) |
6555278 |
| 245 10 - TITLE STATEMENT |
| Title |
Nobody's girl : |
| Remainder of title |
a memoir of surviving abuse and fighting for justice / |
| Statement of responsibility, etc |
Virginia Roberts Giuffre. |
| 250 ## - EDITION STATEMENT |
| Edition statement |
First hardcover edition. |
| 264 #1 - Production, Publication, Distribution, Manufacture, and Copyright Notice. |
| Place of production, publication, distribution, manufacture |
New York : |
| Name of producer, publisher, distributor, manufacturer |
Alfred A. Knopf, |
| Date of production, publication, distribution, manufacture, or copyr |
2025. |
| 264 #4 - Production, Publication, Distribution, Manufacture, and Copyright Notice. |
| Date of production, publication, distribution, manufacture, or copyr |
©2025 |
| Place of production, publication, distribution, manufacture |
New York : |
| Name of producer, publisher, distributor, manufacturer |
Alfred A. Knopf, |
| 300 ## - PHYSICAL DESCRIPTION |
| Extent |
xxvii, 367 pages, 8 unnumbered pages of plates : |
| Other physical details |
color illustrations ; |
| Dimensions |
24 cm |
| 336 ## - Content Type |
| Content type term |
text |
| 336 ## - Content Type |
| Content type term |
still image |
| 337 ## - Media type |
| Media type term |
unmediated |
| 338 ## - Carrier type |
| Carrier type term |
volume |
| 505 0# - FORMATTED CONTENTS NOTE |
| Formatted contents note |
A note from Virginia Giuffre's collaborator -- Introduction -- Part I. Daughter -- "Baby" -- Growing together -- Virginia Lee -- Less than nothing -- Vinceremos -- If wishes were horses -- A ghost came back -- Part II. Prisoner -- The pink house -- Tapping a crooked vein -- A very important man -- The bottom of the pyramid -- "Just like you do for me" -- Life with "Other-man" -- Puppets on a string -- A bridge too far -- Part III. Survivor -- The land of smiles -- Bully basher -- Honeymooners -- Down under -- Welcome to the world -- A person of interest -- "He's a Tyler!" -- My very own princess -- A small dent -- Back in the sunshine state -- Rocky Mountain high -- Part IV. Warrior -- The point of no return -- Always my daughter -- I solemnly swear -- A reckoning begins -- A taste of justice -- Survivor sisters unite -- Unbroken -- From bad to worse -- Backlash -- Maxwell on trial -- Settling up and settling down -- Nobody's girl -- Where to turn for help. |
| 520 ## - SUMMARY, ETC. |
| Summary, etc |
"The world knows Virginia Roberts Giuffre as Jeffrey Epstein and Ghislaine Maxwell's most outspoken victim: the woman whose decision to speak out helped send both serial abusers to prison, whose photograph with Prince Andrew catalyzed his fall from grace. But her story has never been told in full, in her own words--until now. In April 2025, Giuffre took her own life. She left behind a memoir written in the years preceding her death and stated unequivocally that she wanted it published. Nobody's Girl is the riveting and powerful story of an ordinary girl who would grow up to confront extraordinary adversity. Here, Giuffre offers an unsparing and definitive account of her time with Epstein and Maxwell, who trafficked her and others to numerous prominent men. She also details the molestation she suffered as a child, as well as her daring escape from Epstein and Maxwell's grasp at nineteen. Giuffre remade her life from scratch and summoned the courage to not only hold her abusers to account but also advocate for other victims. The pages of Nobody's Girl preserve her voice--and her legacy--forever."-- |
| 600 10 - SUBJECT ADDED ENTRY--PERSONAL NAME |
| Personal name |
Giuffre, Virginia Roberts |
| Form subdivision |
Biography. |
| 9 (RLIN) |
6555275 |
| 600 10 - SUBJECT ADDED ENTRY--PERSONAL NAME |
| Personal name |
Epstein, Jeffrey, |
| Dates associated with a name |
1953-2019. |
| 9 (RLIN) |
6458983 |
| 600 10 - SUBJECT ADDED ENTRY--PERSONAL NAME |
| Personal name |
Maxwell, Ghislaine, |
| Dates associated with a name |
1961- |
| 9 (RLIN) |
6555276 |
| 650 #0 - SUBJECT ADDED ENTRY--TOPICAL TERM |
| Topical term or geographic name as entry element |
Sexual abuse victims |
| Geographic subdivision |
United States |
| Form subdivision |
Biography. |
| 9 (RLIN) |
6428691 |
| 650 #0 - SUBJECT ADDED ENTRY--TOPICAL TERM |
| Topical term or geographic name as entry element |
Child trafficking victims |
| Geographic subdivision |
United States |
| Form subdivision |
Biography. |
| 9 (RLIN) |
6555277 |
| 655 #7 - INDEX TERM--GENRE/FORM |
| Genre/form data or focus term |
Autobiographies. |
| Source of term |
lcgft. |
| 942 ## - ADDED ENTRY ELEMENTS (KOHA) |
| Source of classification or shelving scheme |
Dewey Decimal Classification |
| Koha item type |
BOOK |